Statistics for All Severn Beach Line Stations (Bristol, UK Railways)

Click here to take the quiz!

General Stats

  • This quiz has been taken 52 times
    (14 since last reset)
  • The average score is 9 of 12

Answer Stats

Station% Correct
Avonmouth
100%
Severn Beach
100%
Bristol Temple Meads
92%
Clifton Down
92%
Lawrence Hill
92%
Montpelier
83%
Redland
75%
Stapleton Road
75%
Sea Mills
67%
Shirehampton
67%
Portway Park & Ride
50%
St. Andrew's Road
33%

Score Distribution

Percentile by Number Answered

Percent of People with Each Score

Your Score History

You have not taken this quiz since the last reset